Govt. of
Madhya Pradesh

Nildarpan (Record no. 1973)

MARC details
000 -LEADER
fixed length control field 004210000a22001810004500
003 - CONTROL NUMBER IDENTIFIER
control field MACL
005 - DATE AND TIME OF LATEST TRANSACTION
control field 20150911151500.0
008 - FIXED-LENGTH DATA ELEMENTS--GENERAL INFORMATION
fixed length control field 150911b xxu||||| |||| 00| 0 eng d
040 ## - CATALOGING SOURCE
Original cataloging agency MACL
Transcribing agency MACL
041 ## - LANGUAGE CODE
Language code of text/sound track or separate title English
082 ## - DEWEY DECIMAL CLASSIFICATION NUMBER
Classification number 822/MIT
100 ## - MAIN ENTRY--PERSONAL NAME
Personal name Mitra, Sunil
9 (RLIN) 10193
245 ## - TITLE STATEMENT
Title Nildarpan
260 ## - PUBLICATION, DISTRIBUTION, ETC. (IMPRINT)
Name of publisher, distributor, etc. Sunil Mitra Shrirangam
Date of publication, distribution, etc. 2001
Place of publication, distribution, etc. Kolkata
350 ## - PRICE (NR) (BK AM CF MU VM SE) [OBSOLETE]
Price 200
650 ## - SUBJECT ADDED ENTRY--TOPICAL TERM
Topical term or geographic name as entry element Drama
9 (RLIN) 10194
942 ## - ADDED ENTRY ELEMENTS (KOHA)
Koha item type Books
Call number prefix 822
Source of classification or shelving scheme
Holdings
Withdrawn status Lost status Source of classification or shelving scheme Damaged status Not for loan Home library Current library Date acquired Cost, normal purchase price Total Checkouts Full call number Barcode Date last seen Uniform Resource Identifier Price effective from Koha item type
          MACL MACL 15/04/2015 200.00   822/MIT CRE015274 02/05/2024 1976 15/04/2015 Books